书目信息 |
| 题名: |
矢量偏微分算子
|
|
| 作者: | 宋文淼 著 | |
| 分册: | ||
| 出版信息: | 北京 科学出版社 1999.04 |
|
| 页数: | 159页 | |
| 开本: | 16开 | |
| 丛书名: | ||
| 单 册: | ||
| 中图分类: | O175.3 | |
| 科图分类: | ||
| 主题词: | 数学分析 | |
| 电子资源: | ||
| ISBN: | 7-03-007115-8 | |
| 000 | 00543nam0 2200193 45 | |
| 001 | 0009052056 | |
| 005 | 20000905205154.7 | |
| 010 | @a7-03-007115-8@d20.00元 | |
| 100 | @a20000905d1999 km y0chiy0120 ea | |
| 101 | 0 | @achi |
| 105 | @a z 000yy | |
| 200 | 1 | @a矢量偏微分算子@AShi Liang Pian Wei Fen Suan Zi@f宋文淼 著@FSong Wen Miao Zhu |
| 210 | @a北京@c科学出版社@d1999.04 | |
| 215 | @a159页@d16开 | |
| 606 | 0 | @a数学分析 |
| 690 | @aO175.3@v3 | |
| 701 | 0 | @a宋文淼@4著 |
| 801 | @aCN@bPftUser@c20000905 | |
| 905 | @b121802-803@dO175.3@eS541@f2 | |
| 矢量偏微分算子/宋文淼 著.-北京:科学出版社,1999.04 |
| 159页;16开 |
| ISBN 7-03-007115-8:20.00元 |
| ● |
| 相关链接 |
|
|
|
正题名:矢量偏微分算子
索取号:O175.3/S541
 
预约/预借
| 序号 | 登录号 | 条形码 | 馆藏地/架位号 | 状态 | 备注 |
| 1 | 121802 | 201218020 | 自科二线504/504自科库 48排2列5层/ [索取号:O175.3/S541] | 在馆 | |
| 2 | 121803 | 201218039 | 自科二线504/504自科库 48排2列5层/ [索取号:O175.3/S541] | 在馆 | |
| 3 | 122154 | 201221542 | 自科二线504/504自科库 48排2列5层/ [索取号:O175.3/S541] | 在馆 | |
| 4 | 122155 | 201221551 | 自科二线504/504自科库 48排2列5层/ [索取号:O175.3/S541] | 在馆 | |
| 5 | 122156 | 201221560 | 自科二线504/504自科库 48排2列5层/ [索取号:O175.3/S541] | 在馆 | |
| 6 | 122157 | 201221579 | 自科二线504/504自科库 48排2列5层/ [索取号:O175.3/S541] | 在馆 | |
| 7 | 122158 | 201221588 | 自科二线504/504自科库 48排2列5层/ [索取号:O175.3/S541] | 在馆 | |
| 8 | 122159 | 201221597 | 自科二线504/504自科库 48排2列5层/ [索取号:O175.3/S541] | 在馆 |